Statistics for Grand Theft Auto Franchise

Click here to take the quiz!

General Stats

  • This quiz has been taken 44 times
  • The average score is 12 of 18

Answer Stats

TypeYearNameInfo% Correct
Video Game1997Grand Theft AutoBMG Interactive / ASC Games / Take-Two Interactive / Rockstar Games
100%
Video Game2008Grand Theft Auto IVRockstar Games
100%
Video Game1999Grand Theft Auto 2Rockstar Games
97%
Video Game2001Grand Theft Auto IIIRockstar Games
97%
Video Game2004Grand Theft Auto: San AndreasRockstar Games
97%
Video Game2013Grand Theft Auto VRockstar Games
95%
Video Game2002Grand Theft Auto: Vice CityRockstar Games
87%
Video Game2005Grand Theft Auto: Liberty City StoriesRockstar Games
74%
Video Game Expansion Pack2009Grand Theft Auto: The Ballad of Gay TonyRockstar Games
67%
Video Game2013Grand Theft Auto OnlineRockstar Games
64%
Video Game2006Grand Theft Auto: Vice City StoriesRockstar Games
62%
Video Game Expansion Pack2009Grand Theft Auto IV: The Lost and DamnedRockstar Games
59%
Video Game2009Grand Theft Auto: Chinatown WarsRockstar Games
56%
Video Game2004Grand Theft Auto AdvanceRockstar Games
49%
Video Game Expansion Pack1999Grand Theft Auto: London 1969Rockstar Games
38%
Video Game Expansion Pack1999Grand Theft Auto: London 1961Rockstar Games
31%
Non-Fiction Book2012Jacked: The Outlaw Story of Grand Theft AutoDavid Kushner
3%
TV Film2015The GamechangersBBC Two
3%

Score Distribution

Percentile by Number Answered

Percent of People with Each Score

Your Score History

You have not taken this quiz